| 000 | 00823nam a2200265 4500 | ||
|---|---|---|---|
| 999 |
_c2840 _d2840 |
||
| 006 | a||||go||d| 00| 0 | ||
| 007 | cr ||||||||||| | ||
| 008 | 861201s2009 enka o 001 0 eng d | ||
| 020 |
_a9781845693862 _c(ebook) |
||
| 040 |
_aKO _beng |
||
| 044 | _aenk | ||
| 082 | 0 | 4 | _223 |
| 245 | 1 | 0 |
_aAdvances in marine antifouling coatings and technologies / _cedited by Claire Hellio and Diego Yebra |
| 260 |
_aOxford : _bWoodhead Publishing, _c2009. |
||
| 300 | _a1 online resource | ||
| 490 | 0 | _aWoodhead Publishing Series in Metals and Surface Engineering | |
| 650 | 0 | _aPaint, Antifouling | |
| 650 | 0 | _aProtective coatings | |
| 700 | 1 |
_aHellio, Claire _eedt |
|
| 700 | 1 |
_aYebra, Diego _eedt |
|
| 856 | 4 | 0 | _uhttps://www.sciencedirect.com/science/book/9781845693862 |
| 904 | _aA_BOSE | ||
| 942 | _cEB | ||